Životné jubileum doc. Ing. Štefana Zemku, CSc.

Bibliographic Details
Main Author: Moravčík, Martin, 1969- (Author)
Format: Article
Language:Slovak
PhysicalDescription:Fotogr.
ISSN:1335-0846
Subjects:

MARC

LEADER 00000nab a2200000 a 4500
001 vtls000875415
003 SK-MaSNL
005 20260304121226.0
008 250429c2004 xo 0 slo
015 |a SNBRB2004/06-17824 
035 |a CLN000226967 
035 |a urn:nbn:sk:snk-abf4d1 
035 |a (urnnbn)urn:nbn:sk:snk:ar-007hqp 
035 |a (uuid)146855da-ac86-4ee5-b5dd-0a337697d36d 
040 |a SNKBUCL  |b slo  |c SNKBUCL  |e AACR2 
041 0 |a slo 
044 |a xo  |c SK 
080 |a 624-051  |2 1997 
080 |a 37-051  |2 1997 
080 |a 929 Zemko, Štefan  |2 1997 
100 1 |a Moravčík, Martin,  |d 1969-  |4 aut  |9 6205 
245 1 0 |a Životné jubileum doc. Ing. Štefana Zemku, CSc.  |c Martin Moravčík 
300 |b Fotogr. 
600 1 7 |a Zemko, Štefan  |d 1934-  |2 snkbucl  |9 194795 
655 7 |a články z novín a časopisov  |2 snkbucl  |9 267496 
773 0 |t Inžinierske stavby  |g Roč. 52, č. 1 (2004), s. 46  |x 1335-0846 
850 |a Slovenská národná knižnica 
852 |a Slovenská národná knižnica 
954 |a odborná, vedecká literatúra pôvodná (slovenská)  |2 lita 
958 |a article2022 
958 |a BX 
958 |a OND 
958 |a EUIPO 
992 |a RBX 
999 |c 2883949  |d 2885879